A world of standards
Αποθηκεύτηκε σε:
| Κύριος συγγραφέας: | |
|---|---|
| Άλλοι συγγραφείς: | |
| Μορφή: | Βιβλίο |
| Γλώσσα: | English |
| Δημοσίευση: |
Oxford :
Oxford University Press,
c2000
|
| Θέματα: | |
| Ετικέτες: |
Προσθήκη ετικέτας
Δεν υπάρχουν, Καταχωρήστε ετικέτα πρώτοι!
|
MARC
| LEADER | 00000nam a2200000 i 4500 | ||
|---|---|---|---|
| 001 | 1/84972 | ||
| 008 | 080514s2000 eng d | ||
| 020 | |a 0-19-829693-2 | ||
| 035 | |l 10097312 | ||
| 040 | |a GR-MY-UA |b gre |e aacr | ||
| 041 | 0 | |a eng | |
| 082 | 0 | |a 389.6 |2 (22) | |
| 100 | 1 | |a Brunsson, Nils |d 1946- | |
| 245 | 1 | 2 | |a A world of standards / |c Nils Brunsson and Bengt Jacobsson and associates |
| 260 | |a Oxford : |b Oxford University Press, |c c2000 | ||
| 300 | |a ix, 188 σ.; |c 24 εκ. | ||
| 504 | |a Βιβλιογραφία: σ. [175]-183. Ευρετήριο | ||
| 650 | 0 | 0 | |a Standardization. |
| 700 | 1 | |a Jacobsson, Bengt |d 1954- | |
| 852 | |a INST |b SYROS |e 20080514 |h 389.6 BRU |p 005500005958 |q 005500005958 |t BK |y 0 | ||
| 901 | |a BIBL5-2008-2 | ||
| 909 | |a Ε |b 151885 | ||
| 922 | |a 5ΕΛΗ |b 200803 |c ΕΠΕΑΕΚ2/ΤΜΣΠΣ |d ΕΛΕΥΘΕΡΟΥΔΑΚΗΣ | ||
| 970 | |a ΚΑΓΙΑΒΑ |b ΕΙΡΗΝΗ |z 2008/05/14 | ||